000 01027nam a2200325Ia 4500
001 Para_331
003 CHAP
008 220125s1993 xx 000 0 und d
010 _a199086
040 _cCHAP
090 _aPA FOLLETO 3252
100 _aHernández Carrillo, Javier
_953883
245 _aQué es el campo experimental "Delicias" /
_c por Javier Hernández Carrillo y Francisco Baez Iracheta
260 _aDelicias, Chih. :
_b INIFAP. Campo Experimental Delicias
300 _a13 p.
410 _aFolleto informativo; 1
650 _aAgricultura
_x Chihuahua
_91356
650 _aAgricultura
_x experimentación
_91476
650 _aAgricultura
_x innovaciones
_9164423
700 _a
700 _aBaez Iracheta, Francisco
_9164424
710 _aINIFAP. México. Campo Experimental Delicias
_9164401
901 _aPA FOLLETO 3252
902 _aA
905 _a0000001993 0000000000 00
910 _a1993
942 _cPARA
942 _cPARA
_d1
999 _c199086
_d199086